000 00610nam a2200205Ia 4500
003 GCL
005 20240530095501.0
008 140319s9999 xx 000 0 ara d
040 _aGCL /
_cGCL
082 0 4 _a953
_bط/د ت
100 1 _aدالال, روشن
245 1 0 _aتاريخ للهند للاطفال /
_cدالال, روشن
250 _aالاولى
260 _aالهند :
_bشركة روفين للكتب ،
_c1997
300 _a242 ص ؛
_c20 سم
650 0 4 _aالهند - تاريخ
650 0 4 _aالهند - وصف ورحلات
650 0 4 _aالهند - قصص
942 _2ddc
_cBK
999 _c7719
_d7719